| 000 | 00717cam a22002653a 4500 | ||
|---|---|---|---|
| 001 | 24966 | ||
| 003 | PGUSA | ||
| 005 | 20140828083534.0 | ||
| 008 | 080330s2008||||xxu|||||s|||||000 1 eng d | ||
| 040 |
_aPGUSA _beng |
||
| 042 | _adc | ||
| 050 | 4 | _aPS | |
| 100 | 1 | _aSevcik, Al | |
| 245 | 1 | 0 |
_aSurvival Tactics _h[electronic resource] / _cAl Sevcik |
| 260 |
_bProject Gutenberg, _c2008 |
||
| 506 | _aPublic domain in the USA. | ||
| 516 | _aElectronic text | ||
| 653 | _aShort stories | ||
| 653 | _aScience fiction, American | ||
| 653 | _aRobots -- Fiction | ||
| 700 | 1 |
_aNovick, Irving H., _d1916-2004 |
|
| 830 | 0 |
_aProject Gutenberg _v24966 |
|
| 856 | 4 | 0 | _uhttp://www.gutenberg.org/ebooks/24966 |
| 942 | _cEB | ||
| 999 |
_c254221 _d254221 |
||